[Event "POR-ch U16"]
[Site "Braga"]
[Date "2013.08.06"]
[Round "6.5"]
[White "Ribeiro, Antonio J Goncalves"]
[Black "Cavadas, Francisco Manuel Si"]
[Result "0-1"]
[WhiteElo "1519"]
[BlackElo "1709"]
[PlyCount "108"]
[EventDate "2013.08.02"]
[EventType "swiss"]
[EventRounds "7"]
[EventCountry "POR"]
[SourceTitle "EXT 2015"]
[Source "ChessBase"]
[SourceDate "2014.11.20"]
[SourceVersion "1"]
[SourceVersionDate "2014.11.20"]
[SourceQuality "1"]

1. e4 c5 2. Nf3 g6 3. d4 cxd4 4. Nxd4 Bg7 5. c4 Nc6 6. Be3 Nf6 7. Nc3 d6 8. Be2 0-0 9. 0-0 Nxd4 10. Bxd4 Nd7 11. Bxg7 Kxg7 12. Bd3 Nc5 13. Bc2 a5 14. Qd2 Be6 15. Rfe1 Rc8 16. b3 Kg8 17. Re3 Nd7 18. Rae1 Ne5 19. f4 Ng4 20. R3e2 Qc7 21. h3 Nf6 22. f5 Bd7 23. fxg6 hxg6 24. e5 dxe5 25. Rxe5 e6 26. Kh1 Kg7 27. Qg5 Rh8 28. Rf1 Qd8 29. Qf4 Bc6 30. Be4 Rc7 31. Bxc6 bxc6 32. Ne4 Nxe4 33. Rxe4 Rh5 34. Rd4 Qe7 35. Qd6 Qxd6 36. Rxd6 Re5 37. Kg1 Re2 38. Rf2 Rxf2 39. Kxf2 Kf6 40. Rd8 a4 41. b4 a3 42. Rd3 Rb7 43. Rb3 Ke5 44. Ke3 f5 45. b5 f4+ 46. Kf3 cxb5 47. Rxb5+ Rxb5 48. cxb5 Kd5 49. Kxf4 Kc5 50. Kg5 e5 51. Kg4 Kxb5 52. Kf3 Kc4 53. Ke4 Kc3 54. Kxe5 Kb2 0-1